000
00245nam a2200109Ia 4500
008
190216s9999||||xx |||||||||||||| ||und||
100
_a
Rajan Sv
245
0
_a
Cost Accounting
260
_b
Sulthan Chand&Sons
_c
1963
300
_a
470p
942
_c
BK
999
_c
4442
_d
4442